<?xml version="1.0" encoding="UTF-8"?>
<marc:record xmlns:marc="http://www.loc.gov/MARC21/slim">
   <marc:leader>00000nam a2200000 a 4500</marc:leader>
   <marc:datafield ind1="1" ind2=" " tag="100">
      <marc:subfield code="a">Städing, Sabine</marc:subfield>
      <marc:subfield code="4">aut</marc:subfield>
      <marc:subfield code="e">Verfasser/-in</marc:subfield>
   </marc:datafield>
   <marc:datafield ind1=" " ind2=" " tag="653">
      <marc:subfield code="a">Magie</marc:subfield>
   </marc:datafield>
   <marc:datafield ind1=" " ind2=" " tag="653">
      <marc:subfield code="a">Hexen</marc:subfield>
   </marc:datafield>
   <marc:datafield ind1=" " ind2=" " tag="653">
      <marc:subfield code="a">Garten</marc:subfield>
   </marc:datafield>
   <marc:datafield ind1=" " ind2=" " tag="653">
      <marc:subfield code="a">Auto</marc:subfield>
   </marc:datafield>
   <marc:datafield ind1=" " ind2=" " tag="653">
      <marc:subfield code="a">Umwelt</marc:subfield>
   </marc:datafield>
   <marc:datafield ind1=" " ind2=" " tag="653">
      <marc:subfield code="a">Elfen</marc:subfield>
   </marc:datafield>
   <marc:datafield ind1="0" ind2="0" tag="245">
      <marc:subfield code="a">Petronella Apfelmus</marc:subfield>
   </marc:datafield>
   <marc:datafield ind1="0" ind2="0" tag="245">
      <marc:subfield code="b">Jugendbuch ab 8 - 10 Jahren; Band 4</marc:subfield>
   </marc:datafield>
   <marc:datafield ind1=" " ind2="1" tag="264">
      <marc:subfield code="b">Verlagsgruppe Lübbe GmbH  Co. KG</marc:subfield>
      <marc:subfield code="c">2016</marc:subfield>
   </marc:datafield>
   <marc:datafield ind1="1" ind2=" " tag="490">
      <marc:subfield code="a">Petronella Apfelmus</marc:subfield>
   </marc:datafield>
   <marc:datafield ind1="1" ind2=" " tag="520">
      <marc:subfield code="a">Klappentext: Der Herbst kommt und Petronella hat mit der Apfelernte alle Hände voll zu tun. Da bringen die Zwillinge Lea und Luis eine schreckliche Nachricht: Der fiese Bäckermeister Kümmerling will das Müllerhaus kaufen. Der Garten soll weg und an seine Stelle soll ein Parkplatz gebaut werden. Das kann doch nicht wahr sein! Doch Kümmerling hat die Rechnung ohne die Kinder und die kleine Hexe gemacht: Während die Apfelmännchen allerhand Fallen bauen, um den Garten zu beschützen, hecken Petronella, Luis und Lea einen tollen Plan aus, um Kümmerling ein für alle Mal das Handwerk zu legen. Zum Glück kann die kleine Hexe auch mit ein bisschen Magie aushelfen ...  Biografie Sabine Städing wurde in Hamburg geboren und hat sich schon als Kind gerne Geschichten ausgedacht. Nach ihren drei Büchern rund um das Mädchen Magnolia Steel, das herausfindet, dass sie eine Hexe ist, schreibt sie inzwischen Bücher für jüngere Kinder. Auch in ihrer aktuellen Buchreihe steht mit Petronella Apfelmus wieder eine Hexe im Mittelpunkt. Das Buch wurde mit dem Leipziger Lesekompass 2015 ausgezeichnet.</marc:subfield>
   </marc:datafield>
   <marc:datafield ind1=" " ind2=" " tag="020">
      <marc:subfield code="a">9783414824547</marc:subfield>
      <marc:subfield code="9">9783414824547</marc:subfield>
   </marc:datafield>
</marc:record>
